駅絞り込みクイズ~JR西日本編②~ - Statistics

General Stats
  • This quiz has been taken 62 times
  • The average score is 5 of 8
Answer Stats
該当数 条件 Answer % Correct
815 電車が運用されている
100%
413 定期運行の優等列車が停車する
100%
116 ワンマン列車が停車する
96%
59 3以上の数字が振られたのりばがある
94%
48 市に所在する
90%
14 駅名が変わったことがある
42%
1 偶数番号ののりばがない 香芝
12%
2 定期特急が停車しない
10%
No matching quizzes found
Score Distribution
Percent of People with Each Score
Percentile by Number Answered
Your Score History
You have not taken this quiz